[Event "Ïåðâåíñòâî Ìîñêâû ïî øàõìàòàì"]
[Site "Ìîñêâà, ÌÃÈÌÎ ïð. Âåðíàäñêîãî,"]
[Date "2018.11.19"]
[Round "3.12"]
[White "Fedosov, Alexandr"]
[Black "Frolov, Maxim"]
[Result "0-1"]
[WhiteElo "1140"]
[BlackElo "1218"]
[PlyCount "120"]
[EventDate "2018.11.18"]

1. d4 Nf6 2. c4 g6 3. Nc3 Bg7 4. e4 d6 5. Nf3 O-O 6. Be2 Nbd7 7. O-O e5 8. dxe5
Nxe5 9. Nxe5 dxe5 10. Qxd8 Rxd8 11. Bg5 c6 12. Rfd1 Be6 13. Na4 b6 14. Bxf6
Bxf6 15. Nc3 Kf8 16. Kf1 Rxd1+ 17. Rxd1 Rd8 18. Rxd8+ Bxd8 19. Ke1 Bg5 20. Kd1
Ke7 21. Kc2 Kd6 22. a3 Bh4 23. g3 Bg5 24. b4 Bh6 25. Nd1 Bg5 26. Nb2 h5 27. Nd3
c5 28. Kc3 Bf6 29. bxc5+ bxc5 30. Kb3 Bd7 31. f4 Bc6 32. Bf3 Bg7 33. Kc2 Ba4+
34. Kd2 Bb3 35. fxe5+ Bxe5 36. Nxe5 Kxe5 37. Kc3 Ba2 38. Kd3 Bb1+ 39. Ke3 a5
40. Bg2 g5 41. Bf3 f6 42. Bg2 Bc2 43. Bf3 Bb1 44. Bg2 Ba2 45. Kd3 Bb1+ 46. Ke3
f5 47. exf5 Bxf5 48. Bc6 Be6 49. Bb5 h4 50. Ba6 Bd7 51. Kd3 hxg3 52. hxg3 Kf5
53. Bb5 Be6 54. Kc3 Kg4 55. Kb3 Kxg3 56. Ka4 Kf2 57. Kxa5 g4 58. Kb6 g3 59. Bc6
Bg4 60. a4 Bf3 0-1

[Event "Ïåðâåíñòâî Ìîñêâû ïî øàõìàòàì"]
[Site "Ìîñêâà, ÌÃÈÌÎ ïð. Âåðíàäñêîãî,"]
[Date "2018.11.19"]
[Round "3.13"]
[White "Makarenko, Kirill"]
[Black "Artel'nykh, Leonid"]
[Result "1/2-1/2"]
[WhiteElo "1060"]
[BlackElo "1354"]
[PlyCount "72"]
[EventDate "2018.11.18"]

1. d4 c6 2. c4 d5 3. Nc3 Nf6 4. e3 Bg4 5. Nf3 a6 6. Be2 e6 7. O-O Be7 8. Ne5
Bxe2 9. Qxe2 O-O 10. cxd5 cxd5 11. Bd2 Nbd7 12. f4 Rc8 13. Nxd7 Qxd7 14. Rf3
Ne4 15. Rc1 f5 16. Nxe4 Rxc1+ 17. Bxc1 dxe4 18. Rh3 g6 19. Bd2 Rc8 20. Bc3 Qb5
21. Qd2 Qc4 22. a3 b5 23. Kf2 Bxa3 24. d5 b4 25. Be5 Qc2 26. Ke2 Qxd2+ 27. Kxd2
Bxb2 28. Bxb2 exd5 29. Rg3 a5 30. h4 a4 31. Rh3 b3 32. Be5 a3 33. Rh1 b2 34.
Ke2 Kf7 35. Rd1 Ke6 36. g3 h5 1/2-1/2

[Event "Ïåðâåíñòâî Ìîñêâû ïî øàõìàòàì"]
[Site "Ìîñêâà, ÌÃÈÌÎ ïð. Âåðíàäñêîãî,"]
[Date "2018.11.19"]
[Round "3.14"]
[White "Mel'nikov, Vladimir"]
[Black "Gerasimov, Matvey"]
[Result "0-1"]
[WhiteElo "1097"]
[BlackElo "1225"]
[PlyCount "50"]
[EventDate "2018.11.18"]

1. e4 e5 2. Nf3 Nf6 3. Nxe5 d6 4. Nf3 Nxe4 5. d4 d5 6. c4 c6 7. Be2 Bd6 8. O-O
O-O 9. Nbd2 Re8 10. b3 Nc3 11. Qc2 Nxe2+ 12. Kh1 Nxc1 13. Raxc1 Nd7 14. Rfe1
Nf6 15. Ng5 h6 16. Rxe8+ Qxe8 17. Ngf3 Be6 18. Re1 Qd7 19. Kg1 Re8 20. Nf1 Re7
21. Ng3 Bxg3 22. hxg3 Bf5 23. Rxe7 Bxc2 24. Rxd7 Nxd7 25. cxd5 cxd5 0-1

[Event "Ïåðâåíñòâî Ìîñêâû ïî øàõìàòàì"]
[Site "Ìîñêâà, ÌÃÈÌÎ ïð. Âåðíàäñêîãî,"]
[Date "2018.11.19"]
[Round "3.15"]
[White "Lebedev, Andrey"]
[Black "Lyadov, Kirill"]
[Result "0-1"]
[WhiteElo "1264"]
[BlackElo "1226"]
[PlyCount "68"]
[EventDate "2018.11.18"]

1. e4 e5 2. Nf3 Nc6 3. d4 exd4 4. Nxd4 Bc5 5. Nxc6 Qf6 6. Qd2 dxc6 7. Bd3 Ne7
8. O-O Be6 9. Qf4 Qxf4 10. Bxf4 O-O-O 11. Nc3 Ng6 12. Bg3 f6 13. Rad1 Ne5 14.
Bxe5 fxe5 15. Kh1 Rhf8 16. Kg1 a6 17. h3 Bd4 18. a3 Ba7 19. a4 Rd4 20. b3 Rfd8
21. Ne2 R4d7 22. Nc1 Bf7 23. Rfe1 Be6 24. Rf1 g5 25. Rd2 h5 26. Rfd1 g4 27.
hxg4 hxg4 28. g3 Rf8 29. Re2 Rh8 30. Ree1 Rdh7 31. Kf1 Rh1+ 32. Ke2 R1h2 33.
Rd2 Rf8 34. Rf1 Rhxf2+ 0-1

[Event "Ïåðâåíñòâî Ìîñêâû ïî øàõìàòàì"]
[Site "Ìîñêâà, ÌÃÈÌÎ ïð. Âåðíàäñêîãî,"]
[Date "2018.11.19"]
[Round "3.19"]
[White "Abdeev, Lev"]
[Black "Morozov, Nikolay"]
[Result "1-0"]
[WhiteElo "1181"]
[BlackElo "1128"]
[PlyCount "115"]
[EventDate "2018.11.18"]

1. e4 c5 2. Nf3 Nc6 3. d4 cxd4 4. Nxd4 g6 5. Nc3 Bg7 6. Be3 Nf6 7. Be2 O-O 8.
O-O b6 9. Bf3 Qc7 10. Nxc6 dxc6 11. Qc1 Bb7 12. Rd1 Rfd8 13. Rd2 Rxd2 14. Qxd2
Rd8 15. Qe1 Nd7 16. Rd1 Ne5 17. Be2 c5 18. Rd2 Rxd2 19. Qxd2 Qd7 20. Qc1 Kf8
21. Bb5 Qd8 22. h3 a6 23. Be2 Ke8 24. Bh6 Kf8 25. Qf4 Qd6 26. Bxg7+ Kxg7 27.
Qe3 Qd4 28. Qf4 Qd6 29. f3 f5 30. Kf1 Nf7 31. Qe3 Qd4 32. Qf4 Qe5 33. Qxe5+
Nxe5 34. exf5 gxf5 35. f4 Ng6 36. g3 e5 37. fxe5 Nxe5 38. Na4 b5 39. Nxc5 Bc8
40. b3 Nc6 41. c3 b4 42. cxb4 Nxb4 43. a3 Nc2 44. Bxa6 Bxa6+ 45. Nxa6 Nxa3 46.
Kf2 Kf6 47. b4 Nb5 48. Ke3 Ke5 49. Kd3 Kd5 50. Nc5 h5 51. Na4 Kc6 52. h4 Nd6
53. Nc3 Nb5 54. Nxb5 Kxb5 55. Kc3 Kb6 56. Kc4 Kc6 57. Kd4 Kb5 58. Ke5 1-0

[Event "Ïåðâåíñòâî Ìîñêâû ïî øàõìàòàì"]
[Site "Ìîñêâà, ÌÃÈÌÎ ïð. Âåðíàäñêîãî,"]
[Date "2018.11.19"]
[Round "3.23"]
[White "Markoziya, Georgyi"]
[Black "Saulin, Grigoryi"]
[Result "0-1"]
[WhiteElo "1100"]
[BlackElo "1056"]
[PlyCount "76"]
[EventDate "2018.11.18"]

1. e4 e5 2. Bc4 Nf6 3. d3 Be7 4. Nf3 O-O 5. Nxe5 d6 6. Nf3 Bg4 7. h3 Bh5 8.
Nbd2 Nc6 9. c3 Ne5 10. Bb3 Nxd3+ 11. Kf1 Ne5 12. g4 Bg6 13. Nxe5 dxe5 14. Qe2
Qd7 15. Bc2 Qc6 16. h4 h5 17. g5 Nd7 18. Qc4 Nc5 19. f3 b5 20. Qe2 Ne6 21. Nb3
a5 22. Be3 a4 23. Nd2 b4 24. Qc4 Qxc4+ 25. Nxc4 f6 26. Ke2 c5 27. Rhg1 Kh7 28.
Nb6 Ra6 29. Nd5 Bd6 30. Bd3 Ra7 31. cxb4 Rb7 32. b5 fxg5 33. Bxg5 Nd4+ 34. Ke3
Rxf3+ 35. Kd2 Nxb5 36. Rgf1 Nd4 37. Rxf3 Nxf3+ 38. Kc3 c4 0-1

[Event "Ïåðâåíñòâî Ìîñêâû ïî øàõìàòàì"]
[Site "Ìîñêâà, ÌÃÈÌÎ ïð. Âåðíàäñêîãî,"]
[Date "2018.11.19"]
[Round "3.25"]
[White "Kovaler, Filipp"]
[Black "Titkov, Svyatoslav"]
[Result "1-0"]
[WhiteElo "1182"]
[BlackElo "1106"]
[PlyCount "29"]
[EventDate "2018.11.18"]

1. d4 d5 2. Bf4 e6 3. e3 c5 4. c3 Nf6 5. Nf3 Nc6 6. Nbd2 c4 7. b3 b5 8. a4 a6
9. axb5 Ne7 10. bxc4 dxc4 11. Bxc4 Qb6 12. bxa6 Bxa6 13. Qa4+ Qc6 14. Qxc6+
Nxc6 15. Rxa6 1-0

[Event "Ïåðâåíñòâî Ìîñêâû ïî øàõìàòàì"]
[Site "Ìîñêâà, ÌÃÈÌÎ ïð. Âåðíàäñêîãî,"]
[Date "2018.11.19"]
[Round "3.26"]
[White "Rozhkov , Maxim"]
[Black "Semin, Danila"]
[Result "0-1"]
[WhiteElo "1154"]
[BlackElo "1006"]
[PlyCount "50"]
[EventDate "2018.11.18"]

1. c4 e5 2. Nc3 Nc6 3. g3 f5 4. d3 Nf6 5. Bg2 Bc5 6. h3 O-O 7. f4 d6 8. e4 Bd7
9. Na4 Bd4 10. Ne2 Qe7 11. Nxd4 Nxd4 12. Nc3 Nh5 13. Nd5 Qf7 14. Kf2 c6 15.
Ne7+ Kh8 16. Nxf5 Bxf5 17. exf5 Qxf5 18. g4 Qf6 19. gxh5 exf4 20. Rf1 f3 21.
Kg1 Ne2+ 22. Kh2 Qe5+ 23. Kh1 fxg2+ 24. Kxg2 Qg3+ 25. Kh1 Qxh3# 0-1

[Event "Ïåðâåíñòâî Ìîñêâû ïî øàõìàòàì"]
[Site "Ìîñêâà, ÌÃÈÌÎ ïð. Âåðíàäñêîãî,"]
[Date "2018.11.20"]
[Round "4.1"]
[White "Averin, Nikolay"]
[Black "Zverev, Lev"]
[Result "1-0"]
[WhiteElo "1557"]
[BlackElo "1723"]
[PlyCount "167"]
[EventDate "2018.11.18"]

1. e4 c5 2. c3 d5 3. exd5 Qxd5 4. d4 cxd4 5. cxd4 Nc6 6. Nf3 Bg4 7. Be2 O-O-O
8. Be3 Nf6 9. O-O e6 10. Nc3 Qa5 11. h3 Bxf3 12. Bxf3 Nd5 13. Nxd5 exd5 14. Qb3
Kb8 15. Rac1 Ka8 16. a3 Be7 17. Rc3 f5 18. Rd1 g5 19. Be2 f4 20. Bc1 Bf6 21.
Qb5 Qxb5 22. Bxb5 Nxd4 23. Bf1 Rc8 24. Rcd3 Rhd8 25. Bd2 Ne6 26. Bc3 d4 27. Bb4
b6 28. Be2 a5 29. Bg4 Nc5 30. Bxc5 Rxc5 31. Rb3 Ka7 32. Be2 Rdc8 33. Kf1 Rc2
34. Bd3 R2c5 35. Bxh7 Re5 36. Bd3 Be7 37. Bb1 a4 38. Rbd3 Bc5 39. R3d2 Rce8 40.
Bd3 R8e7 41. Rc2 Kb8 42. Rdc1 Kb7 43. Rc4 R5e6 44. Rxa4 Rh6 45. b4 Bd6 46. Ba6+
Ka7 47. Bb5+ Kb8 48. Bc6 Ra7 49. Rxa7 Kxa7 50. Bf3 Rf6 51. Rc6 Be5 52. Ke2 Rxc6
53. Bxc6 Kb8 54. Kd3 Kc7 55. Bb5 Kd6 56. Ke4 Bf6 57. Bc4 Be7 58. Kxd4 Bf6+ 59.
Ke4 Bb2 60. a4 Ba3 61. b5 Bc5 62. Kf5 Bxf2 63. Kxg5 Be3 64. Kf5 Ke7 65. h4 Kf8
66. Ke6 Kg7 67. Kd6 Kg6 68. Be2 Kf5 69. h5 Bd2 70. Kc6 Ba5 71. Bf3 Kg5 72. Bd1
Kh6 73. Kd6 Kg5 74. Ke5 Bd2 75. Ke4 Bc1 76. a5 bxa5 77. b6 Be3 78. b7 Ba7 79.
Kd5 Bb8 80. Kc6 f3 81. Bxf3 a4 82. g4 a3 83. Bd5 Kxg4 84. h6 1-0

[Event "Ïåðâåíñòâî Ìîñêâû ïî øàõìàòàì"]
[Site "Ìîñêâà, ÌÃÈÌÎ ïð. Âåðíàäñêîãî,"]
[Date "2018.11.20"]
[Round "4.2"]
[White "Zherdev, Radomir"]
[Black "Maslovskiy, Vladimir"]
[Result "0-1"]
[WhiteElo "1293"]
[BlackElo "1231"]
[PlyCount "134"]
[EventDate "2018.11.18"]

1. Nf3 Nf6 2. g3 g6 3. d3 d5 4. Bg2 e6 5. O-O Bg7 6. Nbd2 O-O 7. e4 dxe4 8.
dxe4 Nc6 9. Qe2 Qe7 10. e5 Nd5 11. Re1 Bd7 12. Nb3 Rad8 13. Bg5 f6 14. exf6
Bxf6 15. Bxf6 Rxf6 16. Nfd2 Nb6 17. Ne4 Rf7 18. Nec5 Rdf8 19. f4 Nd4 20. Nxd4
Qxc5 21. Rad1 c6 22. Kh1 Re8 23. Nf3 Qe7 24. Ne5 Rg7 25. a4 Nd5 26. Bh3 Bc8 27.
Nf3 Nc7 28. Qc4 Rd8 29. Rxd8+ Qxd8 30. Nd4 Qd5+ 31. Qxd5 cxd5 32. Bxe6+ Nxe6
33. Rxe6 Bxe6 34. Nxe6 Re7 35. Nd4 Re4 36. c3 Re1+ 37. Kg2 Rb1 38. b3 Rb2+ 39.
Kh3 a6 40. a5 Ra2 41. b4 Ra3 42. Ne2 Kf7 43. Kg4 Ra2 44. Kf3 Kf6 45. g4 g5 46.
f5 Ke5 47. Ke3 Ra3 48. Kd3 Ra1 49. Ng3 Ra2 50. Ne2 h5 51. h3 h4 52. Ke3 Ra3 53.
Kd2 Ra2+ 54. Ke3 Ra1 55. Kf2 Rh1 56. Kg2 Rd1 57. Kf2 Rd3 58. Nd4 Rxc3 59. Ne6
Kf6 60. Kg2 Rb3 61. Nc7 Ke5 62. Ne6 Rg3+ 63. Kh2 d4 64. Nxg5 d3 65. f6 Kxf6 66.
Ne4+ Ke5 67. Nd2 Kd4 0-1

[Event "Ïåðâåíñòâî Ìîñêâû ïî øàõìàòàì"]
[Site "Ìîñêâà, ÌÃÈÌÎ ïð. Âåðíàäñêîãî,"]
[Date "2018.11.20"]
[Round "4.3"]
[White "Parpiev, Isaak"]
[Black "Tunik, Denis"]
[Result "1/2-1/2"]
[WhiteElo "1314"]
[BlackElo "1673"]
[PlyCount "109"]
[EventDate "2018.11.18"]

1. e4 c5 2. c3 d6 3. d4 Nf6 4. Bd3 Nc6 5. Ne2 e6 6. O-O Be7 7. h3 O-O 8. Be3 b6
9. a3 Bb7 10. Ng3 Rc8 11. Nd2 a6 12. f4 b5 13. Qe2 Na5 14. b4 c4 15. Bc2 Nb3
16. Rab1 d5 17. e5 Ne4 18. Ngxe4 dxe4 19. Nxe4 f5 20. Nd2 Nxd2 21. Qxd2 Qe8 22.
Ra1 Qg6 23. Ra2 Bd5 24. a4 Bxb4 25. Bd1 Be7 26. Bf3 Rb8 27. Bxd5 exd5 28. axb5
axb5 29. Rfa1 b4 30. Ra6 Qg3 31. Qe2 bxc3 32. Ra7 Rb2 33. Qf3 Qxf3 34. gxf3 c2
35. Rc1 Bb4 36. Kf2 Rb8 37. Ke2 Rb6 38. Ra8+ Kf7 39. Ra7+ Kg6 40. Rg1+ Kh6 41.
Bc1 Rb1 42. Rgxg7 Bf8 43. Rg1 Rg6 44. Rxg6+ Kxg6 45. Kd2 Rb3 46. Kxc2 Rxf3 47.
Ra6+ Kg7 48. Ra5 Rxh3 49. Rxd5 Kf7 50. Rd7+ Ke6 51. Rc7 Kd5 52. Rd7+ Ke6 53.
Rc7 Kd5 54. Rd7+ Ke6 55. Rc7 1/2-1/2

[Event "Ïåðâåíñòâî Ìîñêâû ïî øàõìàòàì"]
[Site "Ìîñêâà, ÌÃÈÌÎ ïð. Âåðíàäñêîãî,"]
[Date "2018.11.20"]
[Round "4.4"]
[White "Uskov, Artem"]
[Black "Ivannikov, Maksim"]
[Result "1-0"]
[WhiteElo "1366"]
[BlackElo "1291"]
[PlyCount "45"]
[EventDate "2018.11.18"]

1. e4 c5 2. Nf3 e6 3. d4 cxd4 4. Nxd4 a6 5. Bd3 Nf6 6. O-O Bc5 7. Nb3 Ba7 8.
Nc3 d6 9. Bg5 Nbd7 10. Kh1 O-O 11. f4 Qc7 12. Qf3 b5 13. e5 Bb7 14. Qh3 Bxg2+
15. Qxg2 dxe5 16. fxe5 Qxe5 17. Rae1 Qc7 18. Bxf6 g6 19. Qf3 Bb8 20. Re2 Nb6
21. Bd4 Ba7 22. Qf6 e5 23. Bxe5 1-0

[Event "Ïåðâåíñòâî Ìîñêâû ïî øàõìàòàì"]
[Site "Ìîñêâà, ÌÃÈÌÎ ïð. Âåðíàäñêîãî,"]
[Date "2018.11.20"]
[Round "4.5"]
[White "Usov, Aleksandr E"]
[Black "Averkiev, Andrei"]
[Result "1-0"]
[WhiteElo "1640"]
[BlackElo "1440"]
[PlyCount "83"]
[EventDate "2018.11.18"]

1. d4 d5 2. c4 c6 3. Nc3 Nf6 4. Bg5 e6 5. Nf3 Qa5 6. Bxf6 gxf6 7. a3 a6 8. e3
b5 9. c5 Nd7 10. b4 Qc7 11. a4 Bb7 12. Bd3 e5 13. Be2 e4 14. Nh4 Bg7 15. Nf5
O-O 16. Bxb5 Kh8 17. Qg4 Rg8 18. Nd6 Nxc5 19. bxc5 axb5 20. Qh5 Rgf8 21. O-O
bxa4 22. Nxa4 Ba6 23. Rfc1 Bb5 24. Nxb5 cxb5 25. Nb6 Rxa1 26. Rxa1 Rd8 27. Nxd5
Qc6 28. Nb4 Qe6 29. d5 Qe8 30. Qf5 Ra8 31. Rxa8 Qxa8 32. h3 Qa1+ 33. Kh2 Bf8
34. d6 Qb1 35. Qxf6+ Kg8 36. Nd5 Bg7 37. Ne7+ Kh8 38. d7 Bxf6 39. d8=Q+ Kg7 40.
Qg8+ Kh6 41. Nf5+ Kh5 42. g4# 1-0

[Event "Ïåðâåíñòâî Ìîñêâû ïî øàõìàòàì"]
[Site "Ìîñêâà, ÌÃÈÌÎ ïð. Âåðíàäñêîãî,"]
[Date "2018.11.20"]
[Round "4.6"]
[White "Akhmedov, David"]
[Black "Gerasimov, Matvey"]
[Result "1-0"]
[WhiteElo "1561"]
[BlackElo "1225"]
[PlyCount "89"]
[EventDate "2018.11.18"]

1. e4 e5 2. Nf3 Nf6 3. Nc3 Nc6 4. d4 exd4 5. Nxd4 Bb4 6. Nxc6 bxc6 7. Bd3 d5 8.
exd5 cxd5 9. O-O O-O 10. Bg5 c6 11. Qf3 h6 12. Bxf6 Qxf6 13. Qxf6 gxf6 14. Ne2
Re8 15. Nd4 Bd7 16. Nf5 Bxf5 17. Bxf5 Re2 18. Bd3 Re5 19. c3 Bd6 20. Rad1 Kg7
21. Rd2 Rae8 22. Ba6 Re1 23. g3 Bc5 24. Bb7 R1e6 25. Kg2 Kf8 26. Kf3 Kg7 27.
Rb1 a5 28. b4 axb4 29. cxb4 Bf8 30. Rc2 Rb8 31. Bxc6 Rxb4 32. Rxb4 Bxb4 33.
Bxd5 Rd6 34. Bb3 Kf8 35. Rc8+ Kg7 36. Rc7 Rd3+ 37. Kg2 Rd2 38. Rxf7+ Kg6 39.
Rc7 Ba5 40. Rc6 Rb2 41. Rc2 Rxc2 42. Bxc2+ Kg5 43. h4+ Kg4 44. f3+ Kh5 45. Kh3
1-0

[Event "Ïåðâåíñòâî Ìîñêâû ïî øàõìàòàì"]
[Site "Ìîñêâà, ÌÃÈÌÎ ïð. Âåðíàäñêîãî,"]
[Date "2018.11.20"]
[Round "4.7"]
[White "Yonal, Timur"]
[Black "Pereverzev, Timofei"]
[Result "0-1"]
[WhiteElo "1524"]
[BlackElo "1338"]
[PlyCount "138"]
[EventDate "2018.11.18"]

1. d4 d5 2. c4 dxc4 3. Nf3 Bf5 4. g3 Nf6 5. Bg2 c6 6. Ne5 e6 7. Nxc4 Bb4+ 8.
Bd2 Be7 9. Bf4 O-O 10. O-O b5 11. Ne5 Qb6 12. Nc3 a5 13. a4 b4 14. Na2 Rd8 15.
Nc4 Qa6 16. b3 Be4 17. Bxe4 Nxe4 18. Qc2 Nf6 19. Rfd1 c5 20. dxc5 Nc6 21. Nb6
Nd4 22. Rxd4 Rxd4 23. Nxa8 Qxa8 24. Nc1 Qd5 25. Nd3 Qc6 26. Rc1 Ne4 27. Bd6
Bxd6 28. cxd6 Nc3 29. Ne5 Qxd6 30. Nc4 Qc5 31. Kf1 Qd5 32. Kg1 Qh5 33. Re1 Qd5
34. Rc1 h5 35. Ne3 Qc6 36. Nd1 Nxe2+ 37. Kf1 Nxg3+ 38. hxg3 Qxc2 39. Rxc2 Rxd1+
40. Kg2 Rd5 41. Rc8+ Kh7 42. Rc2 g5 43. f3 Kg6 44. Re2 Kf5 45. Rc2 Kf6 46. Kf2
Ke5 47. Re2+ Kd6 48. Rc2 Rd3 49. Rb2 f5 50. Ke2 Rd4 51. Rc2 h4 52. gxh4 gxh4
53. Ke3 Rd5 54. f4 h3 55. Rh2 Rc5 56. Rd2+ Kc7 57. Kf2 Rc3 58. Rb2 h2 59. Kg2
Rh3 60. Kh1 Rh4 61. Rf2 Kc6 62. Re2 Rh6 63. Rd2 Kc5 64. Rd1 Rh3 65. Re1 Kd4 66.
Rxe6 Kc3 67. Re5 Kxb3 68. Rxa5 Ka2 69. Rb5 b3 0-1

[Event "Ïåðâåíñòâî Ìîñêâû ïî øàõìàòàì"]
[Site "Ìîñêâà, ÌÃÈÌÎ ïð. Âåðíàäñêîãî,"]
[Date "2018.11.20"]
[Round "4.8"]
[White "Nevskiy, Mikhail"]
[Black "Silenko, Alexey"]
[Result "0-1"]
[WhiteElo "1528"]
[BlackElo "1347"]
[PlyCount "114"]
[EventDate "2018.11.18"]

1. e4 e6 2. d4 d5 3. exd5 exd5 4. c4 c6 5. Nc3 Nf6 6. Bg5 Be7 7. Nf3 O-O 8. Bd3
Re8 9. O-O h6 10. Bxf6 Bxf6 11. cxd5 cxd5 12. Rc1 Nc6 13. Qb3 Nxd4 14. Nxd4
Bxd4 15. Qxd5 Be6 16. Qxd8 Rexd8 17. Be4 Rac8 18. a3 f5 19. Bf3 g5 20. h3 Bf6
21. Rfe1 Kf7 22. Bxb7 Rb8 23. Ba6 Rxb2 24. Nb5 Rd7 25. a4 Re7 26. Nd6+ Kg7 27.
Nb5 Ra2 28. Rc7 Rxc7 29. Nxc7 Bf7 30. Bb5 Bd4 31. Re7 Ra1+ 32. Bf1 Kf6 33. Rd7
Rd1 34. Rd6+ Ke5 35. Rc6 Rd2 36. Rc1 Rxf2 37. Kh1 Ra2 38. Re1+ Kf6 39. Bb5 Ra1
40. Rxa1 Bxa1 41. Bd7 Bd4 42. a5 f4 43. a6 Ke7 44. Bc8 Bc4 45. Bb7 Kd6 46. Na8
Bd5 47. Kh2 Bf2 48. Kh1 Bc4 49. Kh2 Kc5 50. Kh1 Kb5 51. g3 Bxg3 52. Kg2 Be2 53.
Nc7+ Ka5 54. Bc8 Be1 55. Bb7 h5 56. Ne6 Bh4 57. Nd4 Bxa6 0-1

[Event "Ïåðâåíñòâî Ìîñêâû ïî øàõìàòàì"]
[Site "Ìîñêâà, ÌÃÈÌÎ ïð. Âåðíàäñêîãî,"]
[Date "2018.11.20"]
[Round "4.9"]
[White "Lyadov, Kirill"]
[Black "Filippov, Andrei O"]
[Result "1-0"]
[WhiteElo "1226"]
[BlackElo "1415"]
[PlyCount "29"]
[EventDate "2018.11.18"]

1. e4 c5 2. Nf3 d6 3. d4 cxd4 4. Nxd4 Nf6 5. Nc3 g6 6. Be3 Ng4 7. Bd2 Qb6 8.
Bc1 e5 9. f3 exd4 10. Nd5 Qd8 11. fxg4 Bg7 12. Be2 O-O 13. O-O Be6 14. Bc4 Qc8
15. Ne7+ 1-0

[Event "Ïåðâåíñòâî Ìîñêâû ïî øàõìàòàì"]
[Site "Ìîñêâà, ÌÃÈÌÎ ïð. Âåðíàäñêîãî,"]
[Date "2018.11.20"]
[Round "4.13"]
[White "Nikitin, Stepan"]
[Black "Makarenko, Kirill"]
[Result "1-0"]
[WhiteElo "1190"]
[BlackElo "1060"]
[PlyCount "67"]
[EventDate "2018.11.18"]

1. e4 d6 2. d4 Nf6 3. Nc3 Nbd7 4. f4 e5 5. Nf3 exd4 6. Qxd4 Be7 7. e5 dxe5 8.
fxe5 Bc5 9. Qf4 Qe7 10. Be2 Nh5 11. Qg4 g6 12. Qe4 c6 13. g4 Ng7 14. Bg5 Qe6
15. Bc4 f5 16. Qf4 Be3 17. Bxe6 Bxf4 18. Bxd7+ Bxd7 19. Bxf4 fxg4 20. Nd4 Nh5
21. Bg3 g5 22. e6 Bc8 23. O-O-O Nf4 24. Bxf4 gxf4 25. Ne4 Ke7 26. Rde1 Rd8 27.
c3 f3 28. Rhf1 Rf8 29. Nf2 h5 30. Re5 Rh8 31. Ne4 c5 32. Rxc5 Bxe6 33. Re5 Rh6
34. Nf5+ 1-0

[Event "Ïåðâåíñòâî Ìîñêâû ïî øàõìàòàì"]
[Site "Ìîñêâà, ÌÃÈÌÎ ïð. Âåðíàäñêîãî,"]
[Date "2018.11.20"]
[Round "4.14"]
[White "Chekanov, Timur"]
[Black "Abdeev, Lev"]
[Result "0-1"]
[WhiteElo "1204"]
[BlackElo "1181"]
[PlyCount "68"]
[EventDate "2018.11.18"]

1. d4 d5 2. Nf3 Nf6 3. Bf4 Bf5 4. e3 e6 5. c3 Be7 6. Bd3 Bxd3 7. Qxd3 Nbd7 8.
O-O O-O 9. Ne5 Nh5 10. Nxd7 Nxf4 11. exf4 Qxd7 12. Nd2 c5 13. Nf3 Rac8 14. Ne5
Qc7 15. g3 Bd6 16. Rfe1 cxd4 17. Qxd4 Bc5 18. Qd2 Rfd8 19. Rad1 Qb6 20. Qe2 d4
21. cxd4 Bxd4 22. b3 Rd5 23. Nf3 Bc3 24. Rf1 Rcd8 25. Qc2 Bb4 26. Ng5 g6 27.
Ne4 Be7 28. Nc3 Rc5 29. Rxd8+ Qxd8 30. b4 Rc4 31. Qb3 Qd3 32. Rc1 Rxb4 33. Qa3
Rb1 34. Nxb1 Bxa3 0-1

[Event "Ïåðâåíñòâî Ìîñêâû ïî øàõìàòàì"]
[Site "Ìîñêâà, ÌÃÈÌÎ ïð. Âåðíàäñêîãî,"]
[Date "2018.11.20"]
[Round "4.15"]
[White "Dianin, Georgiy"]
[Black "Smirnov, Vsevolod"]
[Result "1-0"]
[WhiteElo "1060"]
[BlackElo "1244"]
[PlyCount "39"]
[EventDate "2018.11.18"]

1. e4 c5 2. Nf3 g6 3. d4 cxd4 4. Nxd4 Bg7 5. Nc3 Nc6 6. Be3 Nf6 7. Nxc6 bxc6 8.
e5 Ng8 9. Bd4 e6 10. f4 Bb7 11. Bc5 Ne7 12. Bd3 a6 13. Ne4 O-O 14. Nd6 Qa5+ 15.
b4 Qa3 16. Nxb7 Qc3+ 17. Kf2 Nd5 18. Qe1 Qxe1+ 19. Rhxe1 Rab8 20. Nd6 1-0

[Event "Ïåðâåíñòâî Ìîñêâû ïî øàõìàòàì"]
[Site "Ìîñêâà, ÌÃÈÌÎ ïð. Âåðíàäñêîãî,"]
[Date "2018.11.20"]
[Round "4.16"]
[White "Motruk, Denis"]
[Black "Rusakov, Makar"]
[Result "1-0"]
[WhiteElo "1309"]
[BlackElo "1156"]
[PlyCount "69"]
[EventDate "2018.11.18"]

1. e4 e6 2. d4 d5 3. e5 c5 4. c3 Nc6 5. Nf3 cxd4 6. cxd4 f6 7. Bb5 Bd7 8. exf6
Nxf6 9. O-O Bd6 10. Bg5 O-O 11. Nc3 Qc7 12. h3 a6 13. Bd3 Nb4 14. Be2 Nh5 15.
a3 Nc6 16. Bd3 Nf4 17. Bxf4 Bxf4 18. Qc2 g6 19. h4 Bh6 20. h5 Rxf3 21. hxg6
Rxd3 22. gxh7+ Kxh7 23. Qxd3+ Kg8 24. Rad1 Bg7 25. Qe3 Kf7 26. Qf3+ Ke7 27.
Rfe1 Kd8 28. Qg4 Bxd4 29. Rxd4 Nxd4 30. Qxd4 Kc8 31. Rc1 Kb8 32. Qh8+ Ka7 33.
Nb5+ Bxb5 34. Qxa8+ Kxa8 35. Rxc7 1-0

[Event "Ïåðâåíñòâî Ìîñêâû ïî øàõìàòàì"]
[Site "Ìîñêâà, ÌÃÈÌÎ ïð. Âåðíàäñêîãî,"]
[Date "2018.11.20"]
[Round "4.17"]
[White "Korovko, Iakov"]
[Black "Kovaler, Filipp"]
[Result "0-1"]
[WhiteElo "1125"]
[BlackElo "1182"]
[PlyCount "52"]
[EventDate "2018.11.18"]

1. e4 c6 2. d4 d5 3. Nc3 dxe4 4. Nxe4 Bf5 5. Ng3 Bg6 6. Bc4 Nf6 7. N1e2 h6 8.
O-O e6 9. Re1 Bd6 10. Bf4 O-O 11. Qd2 Bxf4 12. Nxf4 Bh7 13. Rad1 Nd5 14. Ngh5
Nd7 15. Bd3 N7f6 16. Bxh7+ Kxh7 17. Qd3+ Kg8 18. Qg3 Nxh5 19. Nxh5 Qg5 20. Qxg5
hxg5 21. Re5 Kh7 22. Rxg5 Kh6 23. Rxg7 Kxh5 24. Re1 Kh6 25. Rg3 Rg8 26. Rf3 Kg7
0-1

[Event "Ïåðâåíñòâî Ìîñêâû ïî øàõìàòàì"]
[Site "Ìîñêâà, ÌÃÈÌÎ ïð. Âåðíàäñêîãî,"]
[Date "2018.11.20"]
[Round "4.18"]
[White "Lebedev, Andrey"]
[Black "Bachaliashvili, Eduard"]
[Result "1/2-1/2"]
[WhiteElo "1264"]
[BlackElo "1253"]
[PlyCount "123"]
[EventDate "2018.11.18"]

1. e4 e6 2. d4 d5 3. exd5 exd5 4. Bd3 Nf6 5. Nf3 Bd6 6. Bg5 c6 7. Nbd2 O-O 8.
O-O Bg4 9. c3 Nbd7 10. Qc2 Qc7 11. h3 Bh5 12. Rfe1 Bg6 13. Bxg6 hxg6 14. Rad1
Nh5 15. Nf1 Nb6 16. Ne3 Rfe8 17. Nf1 Rf8 18. Ne3 Nd7 19. Ng4 Bf4 20. Bxf4 Qxf4
21. Nge5 Nxe5 22. Nxe5 Qh6 23. Ng4 Qg5 24. Qd2 Nf4 25. Kh2 f5 26. Ne3 Rfe8 27.
a3 Nh5 28. Nc4 Nf4 29. Ne3 Ne6 30. Nf1 f4 31. Re5 Qh6 32. Qe2 g5 33. Qg4 f3 34.
g3 Nc7 35. Qxg5 Qxg5 36. Rxg5 Re2 37. Rd2 Rae8 38. Kg1 Rxd2 39. Nxd2 Re2 40.
Nxf3 Rxb2 41. Re5 Nb5 42. Ng5 Kf8 43. Rf5+ Ke8 44. Rf7 Nxc3 45. Rxg7 Ne2+ 46.
Kg2 Nxd4 47. h4 Nf5 48. h5 d4 49. Rg8+ Ke7 50. Rg7+ Kf6 51. Rg6+ Ke7 52. Rg7+
Ke8 53. Rg8+ Kd7 54. Rg7+ Kd6 55. h6 Nxh6 56. Rg6+ Kd5 57. Rxh6 d3 58. Nf3 c5
59. Rh5+ Ke4 60. Ne5 Kd4 61. Nxd3 Kxd3 62. Rxc5 1/2-1/2

[Event "Ïåðâåíñòâî Ìîñêâû ïî øàõìàòàì"]
[Site "Ìîñêâà, ÌÃÈÌÎ ïð. Âåðíàäñêîãî,"]
[Date "2018.11.20"]
[Round "4.19"]
[White "Saulin, Grigoriy"]
[Black "Khlypovka, Stepan"]
[Result "0-1"]
[WhiteElo "1056"]
[BlackElo "1220"]
[PlyCount "68"]
[EventDate "2018.11.18"]

1. e4 d5 2. exd5 Qxd5 3. Nf3 Nf6 4. Be2 Bg4 5. O-O e6 6. h3 Bh5 7. c4 Qd8 8. d4
c6 9. Bg5 Be7 10. Nc3 Nbd7 11. Re1 O-O 12. Bxf6 Nxf6 13. Ne5 Bxe2 14. Nxe2 Qc7
15. Rc1 Rad8 16. Nf4 Bb4 17. Re2 Bc5 18. d5 cxd5 19. cxd5 Nxd5 20. Nxd5 Rxd5
21. Qc2 Rxe5 22. Rxe5 Bxf2+ 23. Qxf2 Qxe5 24. Rb1 b6 25. Re1 Qd5 26. a4 h6 27.
b4 Qb3 28. Qh4 Qxa4 29. Qg4 Rd8 30. Rf1 Qd7 31. Qh5 Qd4+ 32. Kh1 Rd7 33. Qb5
Qd3 34. Qxd3 Rxd3 0-1

[Event "Ïåðâåíñòâî Ìîñêâû ïî øàõìàòàì"]
[Site "Ìîñêâà, ÌÃÈÌÎ ïð. Âåðíàäñêîãî,"]
[Date "2018.11.20"]
[Round "4.21"]
[White "Semin, Danila"]
[Black "Fedosov, Alexander"]
[Result "0-1"]
[WhiteElo "1006"]
[BlackElo "1140"]
[PlyCount "26"]
[EventDate "2018.11.18"]

1. e4 c5 2. Nc3 Nc6 3. f4 e6 4. Nf3 d6 5. a4 b6 6. Bc4 Nge7 7. d3 Bb7 8. Be3 d5
9. Bb3 d4 10. O-O dxe3 11. Qe2 g6 12. Qxe3 Bg7 13. Nh4 Bd4 0-1

[Event "Ïåðâåíñòâî Ìîñêâû ïî øàõìàòàì"]
[Site "Ìîñêâà, ÌÃÈÌÎ ïð. Âåðíàäñêîãî,"]
[Date "2018.11.20"]
[Round "4.25"]
[White "Rozhkov, Maksim"]
[Black "Markoziya, Georgiy"]
[Result "1-0"]
[WhiteElo "1154"]
[BlackElo "1100"]
[PlyCount "79"]
[EventDate "2018.11.18"]

1. c4 e5 2. Nc3 Nc6 3. g3 f5 4. Bg2 Nf6 5. d3 Bb4 6. f4 Bxc3+ 7. bxc3 exf4 8.
Bxf4 O-O 9. Nf3 d6 10. O-O Nh5 11. Nd4 Nxd4 12. cxd4 Nxf4 13. Rxf4 c6 14. e4
Qe7 15. Qh5 Qf7 16. Qxf7+ Rxf7 17. Raf1 g6 18. Bh3 g5 19. R4f2 f4 20. Bxc8 Rxc8
21. gxf4 gxf4 22. Rxf4 Rxf4 23. Rxf4 Kg7 24. Kg2 Kg6 25. Kg3 b5 26. Rf5 Rb8 27.
Kf4 a5 28. h4 a4 29. a3 bxc4 30. dxc4 Rb3 31. Rg5+ Kf6 32. Rg3 c5 33. dxc5 dxc5
34. h5 Ke6 35. h6 Kf6 36. e5+ Ke6 37. Rg7 Rxa3 38. Rxh7 Rh3 39. Ra7 Rxh6 40.
Ra6+ 1-0